Wordt geladen...
Indira Gandhi: Return of the Red Rose
| Formaat: | Printed Book |
|---|---|
| Taal: | English |
| Gepubliceerd in: |
Delhi
Hindi Pocket Book
1966
|
| Onderwerpen: |
| LEADER | 00634nam a2200253 a 4500 | ||
|---|---|---|---|
| 001 | adlib96000001 | ||
| 003 | ViArRB | ||
| 005 | 20151026131300.0 | ||
| 008 | 960221s1955 dcuabcdjdbkoqu001 0deng d | ||
| 020 | |||
| 022 | |||
| 040 | |a Adlib | ||
| 082 | |a 92 | ||
| 245 | |a Indira Gandhi: Return of the Red Rose | ||
| 250 | |||
| 260 | |a Delhi |b Hindi Pocket Book |c 1966 | ||
| 300 | |a 175 p | ||
| 500 | |a | ||
| 100 | |||
| 700 | |||
| 942 | |c BK |6 _ | ||
| 653 | |a Return of the Red Rose | ||
| 999 | |c 24252 |d 24252 | ||
| 952 | |0 0 |1 0 |4 0 |6 92IND_ABB |7 0 |9 35846 |a UL |b UL |d 2010-06-16 |l 1 |o 92(IND) ABB |p G0004306 |r 2015-03-10 |s 2015-02-21 |w 2010-06-16 |y BK | ||